01711nam a2200253 u 450000100100000000500170001000800410002702000180006802000180008602000150010404100080011904300120012708200140013910000320015324500570018525000120024226000300025430000190028449000210030352010670032465000180139165000220140965000260143100008565020200120224917.0100901s2017 ck er| |0| f spa d a9789584263179 a9789584270955 a958426317x aspa as-ck---04aANbFERAa1 aFernández Ochoa, Adelaida01aAfuera crece un mundo /cAdelaida Fernández Ochoa. a1a. ed. aBogota :bPlaneta,c2017. a271 páginas. 0aBiblioteca Breve a"Afuera crece un mundo rescata a Nay de las páginas de María, de Jorge Isaacs. Esta vez es ella la protagonista. Es 1840 y varios cimarrones y libertos del Cauca se han unido al ejército de Los Supremos en espera de respaldo a su propia causa: la abolición de la esclavitud. Pero Nay de Gambia, negra que administra la lechería y la huerta de una de las haciendas del judio Ibrahim Sahal, está convencida de que la verdadera libertad no se adquiere a través de la ley. Para ella, la única forma de alcanzarla es retornar a su país de origen. Junto a su hijo, Sundiata, emprenderá un largo y dificultoso viaje en busca de este sueño. Afuera crece un mundo rescata a Nay de las páginas de María, de Jorge Isaacs. Esta vez es ella la protagonista y narradora de su historia. Su voz, que es como un canto, nos descubre a una mujer orgullosa de su identidad, conocedora de sus poderes y que se sabe dueña de su vida y de su cuerpo. Siempre firme a su voluntad, Nay subvierte el imaginario que hemos construido sobre la mujer negra esclava.17aNovela adulto27aLiteratura adulto27aLiteratura colombiana